| 000 | 00609nam a22001577a 4500 | ||
|---|---|---|---|
| 005 | 20251108174612.0 | ||
| 008 | 250721s2001 xx 000 0 ara d | ||
| 082 | 1 | 4 | _a956.402/نهل |
| 100 | 1 | _aنهل, زئيف ستير | |
| 245 | 1 | 0 | _aالأساطير المؤسسة لإسرائيل : القومية , الاشتراكية , و قيام الدولة اليهودية / |
| 264 | 1 |
_aرام الله : _bالمركز الفلسطيني للدراسات الاسرائيلية، _c2001. |
|
| 650 | 1 | 7 | _aاسراايل |
| 700 | 1 |
_aالغزاوي, عزت _eمترجم |
|
| 942 |
_2ddc _cBK |
||
| 999 |
_c113293 _d113293 |
||